<?xml version="1.0" encoding="UTF-8"?><?xml-stylesheet type="text/xsl" href="static/style.xsl"?><OAI-PMH xmlns="http://www.openarchives.org/OAI/2.0/" xmlns:xsi="http://www.w3.org/2001/XMLSchema-instance" xsi:schemaLocation="http://www.openarchives.org/OAI/2.0/ http://www.openarchives.org/OAI/2.0/OAI-PMH.xsd"><responseDate>2026-04-17T17:12:16Z</responseDate><request verb="GetRecord" identifier="oai:www.recercat.cat:2117/124387" metadataPrefix="marc">https://recercat.cat/oai/request</request><GetRecord><record><header><identifier>oai:recercat.cat:2117/124387</identifier><datestamp>2025-07-23T00:02:17Z</datestamp><setSpec>com_2072_1033</setSpec><setSpec>col_2072_452951</setSpec></header><metadata><record xmlns="http://www.loc.gov/MARC21/slim" xmlns:dcterms="http://purl.org/dc/terms/" xmlns:xsi="http://www.w3.org/2001/XMLSchema-instance" xmlns:doc="http://www.lyncode.com/xoai" xsi:schemaLocation="http://www.loc.gov/MARC21/slim http://www.loc.gov/standards/marcxml/schema/MARC21slim.xsd">
   <leader>00925njm 22002777a 4500</leader>
   <datafield ind2=" " ind1=" " tag="042">
      <subfield code="a">dc</subfield>
   </datafield>
   <datafield ind2=" " ind1=" " tag="720">
      <subfield code="a">Pons Palomares, Xavier</subfield>
      <subfield code="e">author</subfield>
   </datafield>
   <datafield ind2=" " ind1=" " tag="260">
      <subfield code="c">2018-06-26</subfield>
   </datafield>
   <datafield ind2=" " ind1=" " tag="520">
      <subfield code="a">El presente proyecto tiene como objetivo diseñar un parque eólico offshore mediante turbinas flotantes ya que la profundidad de su localización no permitirá otra opción. Primero de todo se estudiarán los elementos que componen un parque eólico así como las diversas tecnologías que existen hoy en día, tanto para parques offshores de&#xd;
cimentación como para los flotantes. Una vez vistos los elementos se procederá a escoger la ubicación más idónea a través de una tabla multicriterios que tendrá las características más esenciales tales como la posible producción, calculada a través de la herramienta que el IDAE proporciona, o la profundidad que tiene en ese punto.&#xd;
Al tener la ubicación definida se procederá a seleccionar los modelos de los elementos vistos anteriormente, desde los aerogeneradores, plataformas y métodos de sujeción hasta los elementos de protección que serán necesarios.&#xd;
Durante este proceso, se propondrá una distribución del parque que pretenderá minimizar el efecto estela de los aerogeneradores. Al obtener la distribución exacta de todos los elementos del parque y marcadas las líneas&#xd;
de evacuación que serán necesarias, se procederá a realizar un estudio económico donde se observará la viabilidad del parque en la cual se consideraran los beneficios de la producción así como todos los gastos derivados tanto de la obra como del mantenimiento e intereses. Finalmente se realizarán una serie de conclusiones y valoraciones del conjunto del proyecto. Además, se añadirán una serie de planos para poder visualizar de mejor manera el parque.</subfield>
   </datafield>
   <datafield tag="653" ind2=" " ind1=" ">
      <subfield code="a">Àrees temàtiques de la UPC::Enginyeria elèctrica</subfield>
   </datafield>
   <datafield tag="653" ind2=" " ind1=" ">
      <subfield code="a">Wind power plants</subfield>
   </datafield>
   <datafield tag="653" ind2=" " ind1=" ">
      <subfield code="a">Turbinas</subfield>
   </datafield>
   <datafield tag="653" ind2=" " ind1=" ">
      <subfield code="a">Parque éolico flotante</subfield>
   </datafield>
   <datafield tag="653" ind2=" " ind1=" ">
      <subfield code="a">Parcs eòlics marins</subfield>
   </datafield>
   <datafield ind2="0" ind1="0" tag="245">
      <subfield code="a">Diseño de un parque eólico offshore flotante</subfield>
   </datafield>
</record></metadata></record></GetRecord></OAI-PMH>